The prince and the pauper : (Record no. 775)

MARC details
000 -LEADER
fixed length control field 00929cam a2200229 4500
001 - CONTROL NUMBER
control field 1114
005 - DATE AND TIME OF LATEST TRANSACTION
control field 20181127162707.0
008 - FIXED-LENGTH DATA ELEMENTS--GENERAL INFORMATION
fixed length control field 821015s1980 nyu 000 1 eng d
010 ## - LIBRARY OF CONGRESS CONTROL NUMBER
LC control number 00515168
020 ## - INTERNATIONAL STANDARD BOOK NUMBER
International Standard Book Number 0451514076 (pbk.)
100 1# - MAIN ENTRY--PERSONAL NAME
Personal name Twain, Mark,
Dates associated with a name 1835-1910.
245 14 - TITLE STATEMENT
Title The prince and the pauper :
Remainder of title a tale for young people of all ages /
Statement of responsibility, etc. Mark Twain ; with an afterword by Kenneth S. Lynn.
260 ## - PUBLICATION, DISTRIBUTION, ETC.
Place of publication, distribution, etc. New York :
Name of publisher, distributor, etc. New American Library,
Date of publication, distribution, etc. 1964.
300 ## - PHYSICAL DESCRIPTION
Extent 224 p. ;
Dimensions 18 cm.
500 ## - GENERAL NOTE
General note ""A Signet classic.""
General note ""Revised and updated bibliography.""
504 ## - BIBLIOGRAPHY, ETC. NOTE
Bibliography, etc. note Bibliography: p. 221-223.
590 ## - LOCAL NOTE (RLIN)
Local note Electronic copy available on RTC Cloud in "Library" folder
600 ## - SUBJECT ADDED ENTRY--PERSONAL NAME
Personal name Edward VI, King of England, 1537-1553 --Fiction.
Numeration
Titles and other words associated with a name
Dates associated with a name
Relator term
Date of a work
Form subheading
Language of a work
Medium of performance for music
Number of part/section of a work
Arranged statement for music
Name of part/section of a work
Fuller form of name
Key for music
Version
Title of a work
Form subdivision
General subdivision
Chronological subdivision
Geographic subdivision
Source of heading or term
650 ## - SUBJECT ADDED ENTRY--TOPICAL TERM
Topical term or geographic name entry element Mistaken identity
Form subdivision Fiction.
General subdivision
Chronological subdivision
Geographic subdivision
Source of heading or term
651 ## - SUBJECT ADDED ENTRY--GEOGRAPHIC NAME
Geographic name Great Britain --History --Edward VI, 1547-1553 --Fiction.
Form subdivision
General subdivision
Chronological subdivision
Geographic subdivision
Source of heading or term
Holdings
Withdrawn status Lost status Source of classification or shelving scheme Damaged status Not for loan Collection code Home library Current library Shelving location Date acquired Serial Enumeration / chronology Inventory number Total Checkouts Full call number Barcode Date last seen Date last checked out Price effective from Koha item type
    Dewey Decimal Classification     Main TEST RTC Library RTC Library Main opac 08/04/2022 1612 11 813.4 TWA 30001586 18/05/2022 09/05/2022 27/11/2018 Main
Royal Thimphu College || All Right Reserved